Le Pas de Calais en images - Statistiques

Statistiques générales
  • Ce quiz a été pris 288 fois
  • Le résultat moyen est 10 sur 18
Statistiques - réponses
Par images Hint Réponse % Correct
Chanteuse Louane
92%
Littoral Côte d'{Opale}
87%
Homme d'état Philippe Pétain
85%
Footballeur Franck Ribery
81%
Colline de résidus miniers Terril
81%
Aquarium Nausicaa
75%
Type d'habitation Coron
72%
Ville Calais
70%
Roman/série Germinal
57%
"Arcachon du Nord" Le Touquet-Paris-Plage
50%
Province d'ancien Régime Artois
47%
Festival de musique Main Square
42%
Mémorial canadien Mémorial de {Vimy}
41%
Catastrophe minière Catastrophe de {Courrières}
21%
Marais de Saint-Omer Marais {audomarois}
18%
Château fort Château d'{Hardelot}
16%
Fleuve Canche
14%
Cité minière Cité des {électriciens}
8%
Aucun quiz correspondant
Distribution des résultats
% des personnes avec chaque résultat
Percentile par nombre de réponses
Votre historique - résultats
Vous n’avez pas pris ce quiz